Ciencia, tecnología y sociedad: el estado de la cuestión en América Latina /
El artículo ofrece una revisión exhaustiva del estado actual de la relación entre ciencia, tecnología y sociedad en América Latina. El autor explora cómo la interacción entre estos tres elementos ha evolucionado en la región a lo largo del tiempo y cómo esta interacción influye en el desarrollo soci...
Guardado en:
| Hovedforfatter: | |
|---|---|
| Format: | Texto |
| Sprog: | Spanish |
| Fag: | |
| Tags: |
Tilføj Tag
Ingen Tags, Vær først til at tagge denne postø!
|
MARC
| LEADER | 00000 a a2200000 04500 | ||
|---|---|---|---|
| 001 | 48161 | ||
| 003 | cru IIS | ||
| 005 | 20230921152558.0 | ||
| 008 | 230921b |||||||| |||| 00| 0 spa d | ||
| 040 | |c CIDCACS | ||
| 100 | |a Vaccarezza, Leonardo Silvio | ||
| 245 | |a Ciencia, tecnología y sociedad: |b el estado de la cuestión en América Latina / |c Leonardo Silvio Vaccarezza | ||
| 520 | |a El artículo ofrece una revisión exhaustiva del estado actual de la relación entre ciencia, tecnología y sociedad en América Latina. El autor explora cómo la interacción entre estos tres elementos ha evolucionado en la región a lo largo del tiempo y cómo esta interacción influye en el desarrollo socioeconómico y científico. Se examinan temas como la inversión en investigación y desarrollo, la transferencia de tecnología, la educación científica, la participación ciudadana en asuntos científicos y tecnológicos, y la ética en la ciencia y la tecnología. El artículo resalta la importancia de comprender la dinámica entre ciencia, tecnología y sociedad en América Latina, ya que esta región se enfrenta a desafíos únicos y oportunidades en su búsqueda de desarrollo sostenible y equidad social. El autor aboga por un enfoque multidisciplinario que involucre a la sociedad en la toma de decisiones relacionadas con la ciencia y la tecnología, y promueva una mayor inversión en investigación y desarrollo. En resumen, este artículo proporciona una visión integral de la relación entre ciencia, tecnología y sociedad en América Latina, destacando la necesidad de políticas y enfoques que fomenten un desarrollo equitativo y sostenible en la región. RAR 09/2023 | ||
| 650 | 0 | |2 OCDE |9 612 |a CIENCIA | |
| 650 | 0 | |2 OCDE |9 1732 |a CIENCIA Y TECNOLOGIA | |
| 650 | 0 | |2 OCDE |9 26 |a SOCIEDAD | |
| 650 | 0 | |2 OCDE |9 11623 |a NIVEL SOCIOECONOMICO | |
| 650 | 0 | |2 OCDE |9 71 |a DESARROLLO ECONOMICO Y SOCIAL | |
| 650 | 0 | |2 UNESCO |9 2049 |a DESARROLLO SOSTENIBLE | |
| 651 | 0 | |2 OCDE |9 17 |a AMERICA LATINA | |
| 773 | |g número18, (1998), páginas 13-40 | ||
| 942 | |2 ddc |c PP | ||
| 999 | |c 20636 |d 20636 | ||
